ბათუმის შოთა რუსთაველის სახელმწიფო უნივერსიტეტის ბიბლიოთეკა

Introduction to Comparative Public Administration: (ბიბ.ჩანაწერი № 62303)

000 -LEADER
fixed length control field 00979nam a22002177a 4500
005 - DATE AND TIME OF LATEST TRANSACTION
control field 20240920152552.0
008 - FIXED-LENGTH DATA ELEMENTS--GENERAL INFORMATION
fixed length control field 240920s2019 enk||||| |||| 00| 0 eng d
020 ## - INTERNATIONAL STANDARD BOOK NUMBER
International Standard Book Number 9781786436702x
041 ## - LANGUAGE CODE
Language code of text/sound track or separate title eng
080 ## - UNIVERSAL DECIMAL CLASSIFICATION NUMBER
Universal Decimal Classification number 351.4 K-90
100 ## - MAIN ENTRY--PERSONAL NAME
Personal name Kuhlmann, Sabine
9 (RLIN) 23258
245 ## - TITLE STATEMENT
Title Introduction to Comparative Public Administration:
Remainder of title Administrative Systems and Reforms in Europe /
Statement of responsibility, etc. Sabine Kuhlmann, Hellmut Wollmann.
250 ## - EDITION STATEMENT
Edition statement Second Edition
264 ## - PRODUCTION, PUBLICATION, DISTRIBUTION, MANUFACTURE, AND COPYRIGHT NOTICE
Place of production, publication, distribution, manufacture Cheltenham :
Name of producer, publisher, distributor, manufacturer Edward Elgar Publishing,
Date of production, publication, distribution, manufacture, or copyright notice 2019.
300 ## - PHYSICAL DESCRIPTION
Extent 431 p.;
Other physical details 25 cm.
653 ## - INDEX TERM--UNCONTROLLED
keyword შედარებითი საჯარო მმართველობის შესავალი
653 ## - INDEX TERM--UNCONTROLLED
keyword ადმინისტრაციული სისტემები ევროპაში
653 ## - INDEX TERM--UNCONTROLLED
keyword ადმინისტრაციული რეფორმები ევროპაში
700 ## - ADDED ENTRY--PERSONAL NAME
Personal name Wollmann, Hellmut
Relator term ავტორი
9 (RLIN) 23259
942 ## - ADDED ENTRY ELEMENTS (KOHA)
Source of classification or shelving scheme
Koha item type წიგნი
ეგზემპლარები
Withdrawn status Lost status Source of classification or shelving scheme Damaged status Not for loan Permanent Location Current Location Shelving location Date acquired Cost, normal purchase price Full call number Barcode Date last seen Copy number Price effective from Koha item type Public note
          ბათუმის შოთა რუსთაველის სახელმწიფო უნივერსიტეტის მთავარი ბიბლიოთეკა ბათუმის შოთა რუსთაველის სახელმწიფო უნივერსიტეტის მთავარი ბიბლიოთეკა წიგნსაცავი 2024-09-20 151.00 351.4 K-90 68881 2024-09-20 68881 2024-09-20 წიგნი 151 ლ.